书目信息 |
| 题名: |
数字电子技术与逻辑设计
|
|
| 作者: | 徐维 主编 ;杜玉华 编写 | |
| 分册: | ||
| 出版信息: | 北京 中国电力出版社 2013.02 |
|
| 页数: | 251页 | |
| 开本: | 26cm | |
| 丛书名: | ||
| 单 册: | ||
| 中图分类: | TN79 | |
| 科图分类: | ||
| 主题词: | 数字电路--逻辑设计--高等教育--教材 , 数字电路 , 逻辑设计 | |
| 电子资源: | ||
| ISBN: | 978-7-5123-3914-9 | |
| 000 | 01054nam0 2200289 450 | |
| 001 | 0400006622 | |
| 005 | 20171113091951.70 | |
| 010 | @a978-7-5123-3914-9@dCNY30.00 | |
| 100 | @a20130329e20162013em y0chiy50 ea | |
| 101 | 0 | @achi |
| 102 | @aCN@b110000 | |
| 105 | @ay z 000yy | |
| 106 | @ar | |
| 200 | 1 | @a数字电子技术与逻辑设计@Ashu zi dian zi ji shu yu luo ji she ji@f徐维主编@g杜玉华编写 |
| 205 | @a第3版 | |
| 210 | @a北京@c中国电力出版社@d2013.02@h2016.01 | |
| 215 | @a251页@d26cm | |
| 300 | @a普通高等教育“十二五”规划教材 | |
| 330 | @a本书主要包括数字电路基础、逻辑代数基础、逻辑门电路、组合逻辑电路、触发器、时序逻辑电路、脉冲电路、数/模(D/A)和模/数(A/D)转换、半导体存储器、可编程逻辑器件等,且每章都配有小结和习题,文后配有习题参考答案。 | |
| 606 | 0 | @a数字电路@x逻辑设计@x高等教育@j教材 |
| 606 | 0 | @a数字电路 |
| 606 | 0 | @a逻辑设计 |
| 690 | @aTN79@v5 | |
| 701 | 0 | @a徐维@Axu wei@c(电子电路)@4主编 |
| 702 | 0 | @a杜玉华@Adu yu hua@c(电气工程)@4编写 |
| 801 | 0 | @aCN@b上海新华@c20171104 |
| 905 | @b1036521-5@dTN79@e102=3@f5 | |
| 数字电子技术与逻辑设计/徐维主编/杜玉华编写.-第3版.-北京:中国电力出版社,2013.02(2016.01) |
| 251页;26cm |
| 普通高等教育“十二五”规划教材 |
| ISBN 978-7-5123-3914-9:CNY30.00 |
| 本书主要包括数字电路基础、逻辑代数基础、逻辑门电路、组合逻辑电路、触发器、时序逻辑电路、脉冲电路、数/模(D/A)和模/数(A/D)转换、半导体存储器、可编程逻辑器件等,且每章都配有小结和习题,文后配有习题参考答案。 |
| ● |
| 相关链接 |
|
|
|
|
正题名:数字电子技术与逻辑设计
索取号:TN79/102=3
 
预约/预借
| 序号 | 登录号 | 条形码 | 馆藏地/架位号 | 状态 | 备注 |
| 1 | 1036521 | 210365219 | 第二样本阅览室/ [索取号:TN79/102=3] | 在馆 | |
| 2 | 1036522 | 210365228 | 密集书库-物理学院/ [索取号:TN79/102=3] | 在馆 | |
| 3 | 1036523 | 210365237 | 第三借阅区/ [索取号:TN79/102=3] | 在馆 | |
| 4 | 1036524 | 210365246 | 第三借阅区/ [索取号:TN79/102=3] | 在馆 | |
| 5 | 1036525 | 210365255 | 第三借阅区/ [索取号:TN79/102=3] | 在馆 |